000
00272nam a22001097a 4500
999
_c
65382
_d
65379
082
_a
297.28
100
_a
مولانا محمد منظور نعمانی
245
_a
معارف الحدیث جلداول
260
_a
کراچی
_c
۱۹۸۲
300
_a
۳۴۰
942
_c
BK